Cities By Picture- North America - Statistics

General Stats
  • This quiz has been taken 18 times
  • The average score is 4 of 10
Answer Stats
Picture Answer % Correct
New York
100%
Toronto
88%
Havana
69%
Mexico
50%
San Juan
19%
Santo Domingo
19%
Cancun
6%
Guatemala
6%
Las Vegas
6%
Willemstad
0%
No matching quizzes found
Score Distribution
Percent of People with Each Score
Percentile by Number Answered
Your Score History
You have not taken this quiz